000 00953cam a2200289 a 4500
001 13830165
003 ARRUPE
005 20170207140936.0
008 041115s2004 ie a b 000 0 eng d
010 _a 2004281122
020 _a1904148476
035 _a(OCoLC)ocm56969642
040 _aVYF
_cVYF
_dUKM
_dDLC
050 0 0 _aBT103
_b.S58 2004
100 1 _aSmith, Adrian B.
_98628
245 1 4 _aThe God shift :
_bour changing perception of the ultimate mystery /
_cAdrian B. Smith.
250 _aRev. ed.
260 _aDublin, Ireland :
_bLiffey Press,
_cc2004.
300 _ax, 258 p. :
_bill. ;
_c23 cm.
504 _aIncludes bibliographical references.
650 0 _aGod (Christianity)
_928519
650 0 _aGod (Christianity)
_xKnowableness.
_928520
650 0 _aSpirituality.
_928521
906 _a7
_bcbc
_ccopycat
_d2
_encip
_f20
_gy-gencatlg
942 _2lcc
_cMONOGRAPH
999 _c126026
_d126026